000 00641nam a2200181Ia 4500
008 090630s9999 xx 000 0 und d
082 _b14895
100 _aकुकडे सुमती.
245 _aसकस खा बलवान व्हा.
_cकुकडे सुमती.
260 _bमधुराज - पुणे.
_c1988
300 _a86
600 _aकुकडे सुमती.
630 _aसकस खा बलवान व्हा.
655 _aबालवाङमय.
700 _aकुकडे सुमती.
730 _aसकस खा बलवान व्हा.
942 _cBOOK
999 _c266751
_d266751